000 00365 a2200145 4500
999 _c3074
_d3074
020 _a9780007328079
050 _aHD 58.6 BRO 2010
100 _aBrown, David
245 _aNegotiating secretes /
_cDavid Brown
264 _aGreat Britain
_bHarper collins
_c2010
300 _a126p.
500 _aincludes index
650 _aSecrets
942 _2lcc
_cBK
_h58.6
_iBRO
_kHD